00508nam a2200193 a 4500001001300000003000900013005001700022008004100039020002400080082001300104100001900117245004500136260003500181300000900216500003500225505001000260650002500270700001900295nice12345678IN_TiNIC20260116013044.0050524s1995 lona grp 000 0 eng  a0225878 c113900a291bSAL aSaliba, John A aPerspectives on New Religious Movements. aLondonbGeoffrey Chapmanc1995 a240p aincludes index and biblioraphy2 aIndex aComparative Religion1 aSaliba, John A